<?xml version="1.0" encoding="UTF-8"?>
<record
    xmlns:xsi="http://www.w3.org/2001/XMLSchema-instance"
    xsi:schemaLocation="http://www.loc.gov/MARC21/slim http://www.loc.gov/standards/marcxml/schema/MARC21slim.xsd"
    xmlns="http://www.loc.gov/MARC21/slim">

  <leader>01094nas a2200241 454500</leader>
  <controlfield tag="001">1548</controlfield>
  <controlfield tag="005">20260407193503.0</controlfield>
  <controlfield tag="008">260407s1974####ag###########|||spa#d</controlfield>
  <controlfield tag="003">AR-UNSa-BCEJYS</controlfield>
  <datafield tag="040" ind1=" " ind2=" ">
    <subfield code="a">AR-UNSa-BCEJYS</subfield>
    <subfield code="b">spa</subfield>
    <subfield code="c">AR-UNSa-BCEJYS</subfield>
  </datafield>
  <datafield tag="080" ind1=" " ind2=" ">
    <subfield code="a">339.5</subfield>
    <subfield code="x">Comercio exterior. Comercio Internacional</subfield>
  </datafield>
  <datafield tag="245" ind1="1" ind2="0">
    <subfield code="a">Forum de comercio internacional</subfield>
  </datafield>
  <datafield tag="022" ind1=" " ind2=" ">
    <subfield code="a">0251-009X</subfield>
  </datafield>
  <datafield tag="264" ind1=" " ind2="1">
    <subfield code="a">Ginebra :</subfield>
    <subfield code="b">Centro de Comercio Internacional</subfield>
    <subfield code="c">1974</subfield>
  </datafield>
  <datafield tag="310" ind1=" " ind2=" ">
    <subfield code="a">Frecuencia: Trimestral
Cambia de Director a partir del N&#xBA; 1, A&#xF1;o 1998 por Natalie Domeisen.
Cambia de Director a partir del N&#xBA; 3, A&#xF1;o 2009 por Micaela Daniel
Cambia de Director a partir del N&#xBA; 3, A&#xF1;o 2012 por Jacquelyn Campo
Cambia de Director a partir del N&#xBA; 4, A&#xF1;o 2012 por Jarle Hetland
</subfield>
  </datafield>
  <datafield tag="942" ind1=" " ind2=" ">
    <subfield code="c">SER</subfield>
  </datafield>
  <datafield tag="590" ind1=" " ind2=" ">
    <subfield code="a">niveau_biblio:s niveau_hierar:1</subfield>
  </datafield>
  <datafield tag="100" ind1="1" ind2=" ">
    <subfield code="a">Goertz, Janice</subfield>
  </datafield>
  <datafield tag="700" ind1="1" ind2=" ">
    <subfield code="a">Centro de Comercio Internacional (CCI)</subfield>
  </datafield>
  <datafield tag="650" ind1=" " ind2=" ">
    <subfield code="a">Exportaci&#xF3;n/importaci&#xF3;n</subfield>
  </datafield>
  <datafield tag="650" ind1=" " ind2=" ">
    <subfield code="a">Comercio internacional</subfield>
  </datafield>
  <datafield tag="856" ind1="4" ind2="1">
    <subfield code="u">https://biblioeco.unsa.edu.ar/pmb/images/revistas/Forum.jpg</subfield>
    <subfield code="y">Imagen de portada</subfield>
    <subfield code="q">image/jpeg</subfield>
  </datafield>
  <datafield tag="999" ind1=" " ind2=" ">
    <subfield code="c">8382</subfield>
    <subfield code="d">8382</subfield>
  </datafield>
  <datafield tag="952" ind1=" " ind2=" ">
    <subfield code="0">0</subfield>
    <subfield code="1">0</subfield>
    <subfield code="4">0</subfield>
    <subfield code="7">0</subfield>
    <subfield code="a">BCEJYS</subfield>
    <subfield code="b">BCEJYS</subfield>
    <subfield code="c">17</subfield>
    <subfield code="d">2015-10-01</subfield>
    <subfield code="h">N&#xBA; 4 - oct. 2015</subfield>
    <subfield code="l">0</subfield>
    <subfield code="o">H339.5 FOR 4.2015</subfield>
    <subfield code="p">R19817</subfield>
    <subfield code="r">2026-04-10 16:06:22</subfield>
    <subfield code="w">2026-04-10</subfield>
    <subfield code="y">RN</subfield>
  </datafield>
  <datafield tag="952" ind1=" " ind2=" ">
    <subfield code="0">0</subfield>
    <subfield code="1">0</subfield>
    <subfield code="4">0</subfield>
    <subfield code="7">0</subfield>
    <subfield code="a">BCEJYS</subfield>
    <subfield code="b">BCEJYS</subfield>
    <subfield code="c">17</subfield>
    <subfield code="d">2015-07-01</subfield>
    <subfield code="h">N&#xBA; 3 - jul./sep. 2015</subfield>
    <subfield code="l">0</subfield>
    <subfield code="o">H339.5 FOR 3.2015</subfield>
    <subfield code="p">R18610</subfield>
    <subfield code="r">2026-04-10 16:06:22</subfield>
    <subfield code="w">2026-04-10</subfield>
    <subfield code="y">RN</subfield>
  </datafield>
  <datafield tag="952" ind1=" " ind2=" ">
    <subfield code="0">0</subfield>
    <subfield code="1">0</subfield>
    <subfield code="4">0</subfield>
    <subfield code="7">0</subfield>
    <subfield code="a">BCEJYS</subfield>
    <subfield code="b">BCEJYS</subfield>
    <subfield code="c">17</subfield>
    <subfield code="d">2015-04-01</subfield>
    <subfield code="h">N&#xBA; 2 - abr./jun. 2015</subfield>
    <subfield code="l">0</subfield>
    <subfield code="o">H339.5 FOR 2.2015</subfield>
    <subfield code="p">R17042</subfield>
    <subfield code="r">2026-04-10 16:06:22</subfield>
    <subfield code="w">2026-04-10</subfield>
    <subfield code="y">RN</subfield>
  </datafield>
  <datafield tag="952" ind1=" " ind2=" ">
    <subfield code="0">0</subfield>
    <subfield code="1">0</subfield>
    <subfield code="4">0</subfield>
    <subfield code="7">0</subfield>
    <subfield code="a">BCEJYS</subfield>
    <subfield code="b">BCEJYS</subfield>
    <subfield code="c">17</subfield>
    <subfield code="d">2015-01-01</subfield>
    <subfield code="h">N&#xBA; 1 - ene./mar. 2015</subfield>
    <subfield code="l">0</subfield>
    <subfield code="o">H339.5 FOR 1.2015</subfield>
    <subfield code="p">R15308</subfield>
    <subfield code="r">2026-04-10 16:06:22</subfield>
    <subfield code="w">2026-04-10</subfield>
    <subfield code="y">RN</subfield>
  </datafield>
  <datafield tag="952" ind1=" " ind2=" ">
    <subfield code="0">0</subfield>
    <subfield code="1">0</subfield>
    <subfield code="4">0</subfield>
    <subfield code="7">0</subfield>
    <subfield code="a">BCEJYS</subfield>
    <subfield code="b">BCEJYS</subfield>
    <subfield code="c">17</subfield>
    <subfield code="d">2014-10-01</subfield>
    <subfield code="h">N&#xBA; 4 - oct./dic. 2014</subfield>
    <subfield code="l">0</subfield>
    <subfield code="o">H339.5 FOR 4.2014</subfield>
    <subfield code="p">R14213</subfield>
    <subfield code="r">2026-04-10 16:06:22</subfield>
    <subfield code="w">2026-04-10</subfield>
    <subfield code="y">RN</subfield>
  </datafield>
  <datafield tag="952" ind1=" " ind2=" ">
    <subfield code="0">0</subfield>
    <subfield code="1">0</subfield>
    <subfield code="4">0</subfield>
    <subfield code="7">0</subfield>
    <subfield code="a">BCEJYS</subfield>
    <subfield code="b">BCEJYS</subfield>
    <subfield code="c">17</subfield>
    <subfield code="d">2014-07-01</subfield>
    <subfield code="h">N&#xBA; 3 - jul./sep. 2014</subfield>
    <subfield code="l">0</subfield>
    <subfield code="o">H339.5 FOR 3.2014</subfield>
    <subfield code="p">R13396</subfield>
    <subfield code="r">2026-04-10 16:06:22</subfield>
    <subfield code="w">2026-04-10</subfield>
    <subfield code="y">RN</subfield>
  </datafield>
  <datafield tag="952" ind1=" " ind2=" ">
    <subfield code="0">0</subfield>
    <subfield code="1">0</subfield>
    <subfield code="4">0</subfield>
    <subfield code="7">0</subfield>
    <subfield code="a">BCEJYS</subfield>
    <subfield code="b">BCEJYS</subfield>
    <subfield code="c">17</subfield>
    <subfield code="d">2014-04-01</subfield>
    <subfield code="h">N&#xBA; 2 - abr./jun. 2014</subfield>
    <subfield code="l">0</subfield>
    <subfield code="o">H339.5 FOR 2.2014</subfield>
    <subfield code="p">R13395</subfield>
    <subfield code="r">2026-04-10 16:06:22</subfield>
    <subfield code="w">2026-04-10</subfield>
    <subfield code="y">RN</subfield>
  </datafield>
  <datafield tag="952" ind1=" " ind2=" ">
    <subfield code="0">0</subfield>
    <subfield code="1">0</subfield>
    <subfield code="4">0</subfield>
    <subfield code="7">0</subfield>
    <subfield code="a">BCEJYS</subfield>
    <subfield code="b">BCEJYS</subfield>
    <subfield code="c">17</subfield>
    <subfield code="d">2014-01-01</subfield>
    <subfield code="h">N&#xBA; 1 - ene./mar. 2014</subfield>
    <subfield code="l">0</subfield>
    <subfield code="o">H339.5 FOR 1.2014</subfield>
    <subfield code="p">R13499</subfield>
    <subfield code="r">2026-04-10 16:06:22</subfield>
    <subfield code="w">2026-04-10</subfield>
    <subfield code="y">RN</subfield>
  </datafield>
  <datafield tag="952" ind1=" " ind2=" ">
    <subfield code="0">0</subfield>
    <subfield code="1">0</subfield>
    <subfield code="4">0</subfield>
    <subfield code="7">0</subfield>
    <subfield code="a">BCEJYS</subfield>
    <subfield code="b">BCEJYS</subfield>
    <subfield code="c">17</subfield>
    <subfield code="d">2013-10-01</subfield>
    <subfield code="h">N&#xBA; 4 - oct./dic. 2013</subfield>
    <subfield code="l">0</subfield>
    <subfield code="o">H339.5 FOR 4.2013</subfield>
    <subfield code="p">R10249</subfield>
    <subfield code="r">2026-04-10 16:06:22</subfield>
    <subfield code="w">2026-04-10</subfield>
    <subfield code="y">RN</subfield>
  </datafield>
  <datafield tag="952" ind1=" " ind2=" ">
    <subfield code="0">0</subfield>
    <subfield code="1">0</subfield>
    <subfield code="4">0</subfield>
    <subfield code="7">0</subfield>
    <subfield code="a">BCEJYS</subfield>
    <subfield code="b">BCEJYS</subfield>
    <subfield code="c">17</subfield>
    <subfield code="d">2012-10-01</subfield>
    <subfield code="h">N&#xBA; 4 - oct./dic. 2012</subfield>
    <subfield code="l">0</subfield>
    <subfield code="o">H339.5 FOR 4.2012</subfield>
    <subfield code="p">R07216</subfield>
    <subfield code="r">2026-04-10 16:06:22</subfield>
    <subfield code="w">2026-04-10</subfield>
    <subfield code="y">RN</subfield>
  </datafield>
  <datafield tag="952" ind1=" " ind2=" ">
    <subfield code="0">0</subfield>
    <subfield code="1">0</subfield>
    <subfield code="4">0</subfield>
    <subfield code="7">0</subfield>
    <subfield code="a">BCEJYS</subfield>
    <subfield code="b">BCEJYS</subfield>
    <subfield code="c">17</subfield>
    <subfield code="d">2012-07-01</subfield>
    <subfield code="h">N&#xBA; 3 - jul./sep. 2012</subfield>
    <subfield code="l">0</subfield>
    <subfield code="o">H339.5 FOR 3.2012</subfield>
    <subfield code="p">R07191</subfield>
    <subfield code="r">2026-04-10 16:06:22</subfield>
    <subfield code="w">2026-04-10</subfield>
    <subfield code="y">RN</subfield>
  </datafield>
  <datafield tag="952" ind1=" " ind2=" ">
    <subfield code="0">0</subfield>
    <subfield code="1">0</subfield>
    <subfield code="4">0</subfield>
    <subfield code="7">0</subfield>
    <subfield code="a">BCEJYS</subfield>
    <subfield code="b">BCEJYS</subfield>
    <subfield code="c">17</subfield>
    <subfield code="d">2010-07-01</subfield>
    <subfield code="h">N&#xBA; 3 - jul./sep. 2010</subfield>
    <subfield code="l">0</subfield>
    <subfield code="o">H339.5 FOR 3.2010</subfield>
    <subfield code="p">R03031</subfield>
    <subfield code="r">2026-04-10 16:06:22</subfield>
    <subfield code="w">2026-04-10</subfield>
    <subfield code="y">RN</subfield>
  </datafield>
  <datafield tag="952" ind1=" " ind2=" ">
    <subfield code="0">0</subfield>
    <subfield code="1">0</subfield>
    <subfield code="4">0</subfield>
    <subfield code="7">0</subfield>
    <subfield code="a">BCEJYS</subfield>
    <subfield code="b">BCEJYS</subfield>
    <subfield code="c">17</subfield>
    <subfield code="d">2010-04-01</subfield>
    <subfield code="h">N&#xBA; 2 - abr./jun. 2010</subfield>
    <subfield code="l">0</subfield>
    <subfield code="o">H339.5 FOR 2.2010</subfield>
    <subfield code="p">R03030</subfield>
    <subfield code="r">2026-04-10 16:06:22</subfield>
    <subfield code="w">2026-04-10</subfield>
    <subfield code="y">RN</subfield>
  </datafield>
  <datafield tag="952" ind1=" " ind2=" ">
    <subfield code="0">0</subfield>
    <subfield code="1">0</subfield>
    <subfield code="4">0</subfield>
    <subfield code="7">0</subfield>
    <subfield code="a">BCEJYS</subfield>
    <subfield code="b">BCEJYS</subfield>
    <subfield code="c">17</subfield>
    <subfield code="d">2010-01-01</subfield>
    <subfield code="h">N&#xBA; 1 - ene./mar. 2010</subfield>
    <subfield code="l">0</subfield>
    <subfield code="o">H339.5 FOR 1.2010</subfield>
    <subfield code="p">R02464</subfield>
    <subfield code="r">2026-04-10 16:06:22</subfield>
    <subfield code="w">2026-04-10</subfield>
    <subfield code="y">RN</subfield>
  </datafield>
  <datafield tag="952" ind1=" " ind2=" ">
    <subfield code="0">0</subfield>
    <subfield code="1">0</subfield>
    <subfield code="4">0</subfield>
    <subfield code="7">0</subfield>
    <subfield code="a">BCEJYS</subfield>
    <subfield code="b">BCEJYS</subfield>
    <subfield code="c">17</subfield>
    <subfield code="d">2009-07-01</subfield>
    <subfield code="h">N&#xBA; 3 - jul./sep. 2009</subfield>
    <subfield code="l">0</subfield>
    <subfield code="o">H339.5 FOR 3.2009</subfield>
    <subfield code="p">R02404</subfield>
    <subfield code="r">2026-04-10 16:06:22</subfield>
    <subfield code="w">2026-04-10</subfield>
    <subfield code="y">RN</subfield>
  </datafield>
  <datafield tag="952" ind1=" " ind2=" ">
    <subfield code="0">0</subfield>
    <subfield code="1">0</subfield>
    <subfield code="4">0</subfield>
    <subfield code="7">0</subfield>
    <subfield code="a">BCEJYS</subfield>
    <subfield code="b">BCEJYS</subfield>
    <subfield code="c">17</subfield>
    <subfield code="d">2009-04-01</subfield>
    <subfield code="h">N&#xBA; 2 - abr./jun. 2009</subfield>
    <subfield code="l">0</subfield>
    <subfield code="o">H339.5 FOR 2.2009</subfield>
    <subfield code="p">R02430</subfield>
    <subfield code="r">2026-04-10 16:06:22</subfield>
    <subfield code="w">2026-04-10</subfield>
    <subfield code="y">RN</subfield>
  </datafield>
  <datafield tag="952" ind1=" " ind2=" ">
    <subfield code="0">0</subfield>
    <subfield code="1">0</subfield>
    <subfield code="4">0</subfield>
    <subfield code="7">0</subfield>
    <subfield code="a">BCEJYS</subfield>
    <subfield code="b">BCEJYS</subfield>
    <subfield code="c">17</subfield>
    <subfield code="d">2009-01-01</subfield>
    <subfield code="h">N&#xBA; 1 - ene./mar. 2009</subfield>
    <subfield code="l">0</subfield>
    <subfield code="o">H339.5 FOR 1.2009</subfield>
    <subfield code="p">R02349</subfield>
    <subfield code="r">2026-04-10 16:06:22</subfield>
    <subfield code="w">2026-04-10</subfield>
    <subfield code="y">RN</subfield>
  </datafield>
  <datafield tag="952" ind1=" " ind2=" ">
    <subfield code="0">0</subfield>
    <subfield code="1">0</subfield>
    <subfield code="4">0</subfield>
    <subfield code="7">0</subfield>
    <subfield code="a">BCEJYS</subfield>
    <subfield code="b">BCEJYS</subfield>
    <subfield code="c">17</subfield>
    <subfield code="d">2008-07-01</subfield>
    <subfield code="h">N&#xBA; 3/4 - jul./dic. 2008</subfield>
    <subfield code="l">0</subfield>
    <subfield code="o">H339.5 FOR 3/4.2008</subfield>
    <subfield code="p">R02301</subfield>
    <subfield code="r">2026-04-10 16:06:22</subfield>
    <subfield code="w">2026-04-10</subfield>
    <subfield code="y">RN</subfield>
  </datafield>
  <datafield tag="952" ind1=" " ind2=" ">
    <subfield code="0">0</subfield>
    <subfield code="1">0</subfield>
    <subfield code="4">0</subfield>
    <subfield code="7">0</subfield>
    <subfield code="a">BCEJYS</subfield>
    <subfield code="b">BCEJYS</subfield>
    <subfield code="c">17</subfield>
    <subfield code="d">2008-01-01</subfield>
    <subfield code="h">N&#xBA; 1/2 - ene./jun. 2008</subfield>
    <subfield code="l">0</subfield>
    <subfield code="o">H339.5 FOR 1/2.2008</subfield>
    <subfield code="p">R02295</subfield>
    <subfield code="r">2026-04-10 16:06:22</subfield>
    <subfield code="w">2026-04-10</subfield>
    <subfield code="y">RN</subfield>
  </datafield>
  <datafield tag="952" ind1=" " ind2=" ">
    <subfield code="0">0</subfield>
    <subfield code="1">0</subfield>
    <subfield code="4">0</subfield>
    <subfield code="7">0</subfield>
    <subfield code="a">BCEJYS</subfield>
    <subfield code="b">BCEJYS</subfield>
    <subfield code="c">17</subfield>
    <subfield code="d">2007-07-01</subfield>
    <subfield code="h">N&#xBA; 3 - jul./oct. 2007</subfield>
    <subfield code="l">0</subfield>
    <subfield code="o">H339.5 FOR 3.2007</subfield>
    <subfield code="p">R03035</subfield>
    <subfield code="r">2026-04-10 16:06:22</subfield>
    <subfield code="w">2026-04-10</subfield>
    <subfield code="y">RN</subfield>
  </datafield>
  <datafield tag="952" ind1=" " ind2=" ">
    <subfield code="0">0</subfield>
    <subfield code="1">0</subfield>
    <subfield code="4">0</subfield>
    <subfield code="7">0</subfield>
    <subfield code="a">BCEJYS</subfield>
    <subfield code="b">BCEJYS</subfield>
    <subfield code="c">17</subfield>
    <subfield code="d">2007-04-01</subfield>
    <subfield code="h">N&#xBA; 2 - abr./jun. 2007</subfield>
    <subfield code="l">0</subfield>
    <subfield code="o">H339.5 FOR 2.2007</subfield>
    <subfield code="p">R02112</subfield>
    <subfield code="r">2026-04-10 16:06:22</subfield>
    <subfield code="w">2026-04-10</subfield>
    <subfield code="y">RN</subfield>
  </datafield>
  <datafield tag="952" ind1=" " ind2=" ">
    <subfield code="0">0</subfield>
    <subfield code="1">0</subfield>
    <subfield code="4">0</subfield>
    <subfield code="7">0</subfield>
    <subfield code="a">BCEJYS</subfield>
    <subfield code="b">BCEJYS</subfield>
    <subfield code="c">17</subfield>
    <subfield code="d">2007-01-01</subfield>
    <subfield code="h">N&#xBA; 1 - ene./mar. 2007</subfield>
    <subfield code="l">0</subfield>
    <subfield code="o">H339.5 FOR 1.2007</subfield>
    <subfield code="p">R02052</subfield>
    <subfield code="r">2026-04-10 16:06:22</subfield>
    <subfield code="w">2026-04-10</subfield>
    <subfield code="y">RN</subfield>
  </datafield>
  <datafield tag="952" ind1=" " ind2=" ">
    <subfield code="0">0</subfield>
    <subfield code="1">0</subfield>
    <subfield code="4">0</subfield>
    <subfield code="7">0</subfield>
    <subfield code="a">BCEJYS</subfield>
    <subfield code="b">BCEJYS</subfield>
    <subfield code="c">17</subfield>
    <subfield code="d">2006-10-01</subfield>
    <subfield code="h">N&#xBA; 4 - oct./dic. 2006</subfield>
    <subfield code="l">0</subfield>
    <subfield code="o">H339.5 FOR 4.2006</subfield>
    <subfield code="p">R02051</subfield>
    <subfield code="r">2026-04-10 16:06:22</subfield>
    <subfield code="w">2026-04-10</subfield>
    <subfield code="y">RN</subfield>
  </datafield>
  <datafield tag="952" ind1=" " ind2=" ">
    <subfield code="0">0</subfield>
    <subfield code="1">0</subfield>
    <subfield code="4">0</subfield>
    <subfield code="7">0</subfield>
    <subfield code="a">BCEJYS</subfield>
    <subfield code="b">BCEJYS</subfield>
    <subfield code="c">17</subfield>
    <subfield code="d">2006-07-01</subfield>
    <subfield code="h">N&#xBA; 3 - jul./sep. 2006</subfield>
    <subfield code="l">0</subfield>
    <subfield code="o">H339.5 FOR 3.2006</subfield>
    <subfield code="p">R02050</subfield>
    <subfield code="r">2026-04-10 16:06:22</subfield>
    <subfield code="w">2026-04-10</subfield>
    <subfield code="y">RN</subfield>
  </datafield>
  <datafield tag="952" ind1=" " ind2=" ">
    <subfield code="0">0</subfield>
    <subfield code="1">0</subfield>
    <subfield code="4">0</subfield>
    <subfield code="7">0</subfield>
    <subfield code="a">BCEJYS</subfield>
    <subfield code="b">BCEJYS</subfield>
    <subfield code="c">17</subfield>
    <subfield code="d">2006-04-01</subfield>
    <subfield code="h">N&#xBA; 2 - abr./jun. 2006</subfield>
    <subfield code="l">0</subfield>
    <subfield code="o">H339.5 FOR 2.2006</subfield>
    <subfield code="p">R01931</subfield>
    <subfield code="r">2026-04-10 16:06:22</subfield>
    <subfield code="w">2026-04-10</subfield>
    <subfield code="y">RN</subfield>
  </datafield>
  <datafield tag="952" ind1=" " ind2=" ">
    <subfield code="0">0</subfield>
    <subfield code="1">0</subfield>
    <subfield code="4">0</subfield>
    <subfield code="7">0</subfield>
    <subfield code="a">BCEJYS</subfield>
    <subfield code="b">BCEJYS</subfield>
    <subfield code="c">17</subfield>
    <subfield code="d">2006-01-01</subfield>
    <subfield code="h">N&#xBA; 1 - ene./mar. 2006</subfield>
    <subfield code="l">0</subfield>
    <subfield code="o">H339.5 FOR 1.2006</subfield>
    <subfield code="p">R01890</subfield>
    <subfield code="r">2026-04-10 16:06:22</subfield>
    <subfield code="w">2026-04-10</subfield>
    <subfield code="y">RN</subfield>
  </datafield>
  <datafield tag="952" ind1=" " ind2=" ">
    <subfield code="0">0</subfield>
    <subfield code="1">0</subfield>
    <subfield code="4">0</subfield>
    <subfield code="7">0</subfield>
    <subfield code="a">BCEJYS</subfield>
    <subfield code="b">BCEJYS</subfield>
    <subfield code="c">17</subfield>
    <subfield code="d">2005-10-01</subfield>
    <subfield code="h">N&#xBA; 4 - oct./dic. 2005</subfield>
    <subfield code="l">0</subfield>
    <subfield code="o">H339.5 FOR 4.2005</subfield>
    <subfield code="p">R01819</subfield>
    <subfield code="r">2026-04-10 16:06:22</subfield>
    <subfield code="w">2026-04-10</subfield>
    <subfield code="y">RN</subfield>
  </datafield>
  <datafield tag="952" ind1=" " ind2=" ">
    <subfield code="0">0</subfield>
    <subfield code="1">0</subfield>
    <subfield code="4">0</subfield>
    <subfield code="7">0</subfield>
    <subfield code="a">BCEJYS</subfield>
    <subfield code="b">BCEJYS</subfield>
    <subfield code="c">17</subfield>
    <subfield code="d">2005-07-01</subfield>
    <subfield code="h">N&#xBA; 3 - jul./sep. 2005</subfield>
    <subfield code="l">0</subfield>
    <subfield code="o">H339.5 FOR 3.2005</subfield>
    <subfield code="p">R01743</subfield>
    <subfield code="r">2026-04-10 16:06:22</subfield>
    <subfield code="w">2026-04-10</subfield>
    <subfield code="y">RN</subfield>
  </datafield>
  <datafield tag="952" ind1=" " ind2=" ">
    <subfield code="0">0</subfield>
    <subfield code="1">0</subfield>
    <subfield code="4">0</subfield>
    <subfield code="7">0</subfield>
    <subfield code="a">BCEJYS</subfield>
    <subfield code="b">BCEJYS</subfield>
    <subfield code="c">17</subfield>
    <subfield code="d">2005-04-01</subfield>
    <subfield code="h">N&#xBA; 2 - abr./jun. 2005</subfield>
    <subfield code="l">0</subfield>
    <subfield code="o">H339.5 FOR 2.2005</subfield>
    <subfield code="p">R03036</subfield>
    <subfield code="r">2026-04-10 16:06:22</subfield>
    <subfield code="w">2026-04-10</subfield>
    <subfield code="y">RN</subfield>
  </datafield>
  <datafield tag="952" ind1=" " ind2=" ">
    <subfield code="0">0</subfield>
    <subfield code="1">0</subfield>
    <subfield code="4">0</subfield>
    <subfield code="7">0</subfield>
    <subfield code="a">BCEJYS</subfield>
    <subfield code="b">BCEJYS</subfield>
    <subfield code="c">17</subfield>
    <subfield code="d">2005-01-01</subfield>
    <subfield code="h">N&#xBA; 1 - ene./mar. 2005</subfield>
    <subfield code="l">0</subfield>
    <subfield code="o">H339.5 FOR 1.2005</subfield>
    <subfield code="p">R01586</subfield>
    <subfield code="r">2026-04-10 16:06:22</subfield>
    <subfield code="w">2026-04-10</subfield>
    <subfield code="y">RN</subfield>
  </datafield>
  <datafield tag="952" ind1=" " ind2=" ">
    <subfield code="0">0</subfield>
    <subfield code="1">0</subfield>
    <subfield code="4">0</subfield>
    <subfield code="7">0</subfield>
    <subfield code="a">BCEJYS</subfield>
    <subfield code="b">BCEJYS</subfield>
    <subfield code="c">17</subfield>
    <subfield code="d">2004-12-01</subfield>
    <subfield code="h">N&#xBA; 4/2</subfield>
    <subfield code="l">0</subfield>
    <subfield code="o">H339.5 FOR 4/2.2004</subfield>
    <subfield code="p">R00402</subfield>
    <subfield code="r">2026-04-10 16:06:22</subfield>
    <subfield code="w">2026-04-10</subfield>
    <subfield code="y">RN</subfield>
  </datafield>
  <datafield tag="952" ind1=" " ind2=" ">
    <subfield code="0">0</subfield>
    <subfield code="1">0</subfield>
    <subfield code="4">0</subfield>
    <subfield code="7">0</subfield>
    <subfield code="a">BCEJYS</subfield>
    <subfield code="b">BCEJYS</subfield>
    <subfield code="c">17</subfield>
    <subfield code="d">2004-12-01</subfield>
    <subfield code="h">N&#xBA; 4/1</subfield>
    <subfield code="l">0</subfield>
    <subfield code="o">H339.5 FOR 4/1.2004</subfield>
    <subfield code="p">R00192</subfield>
    <subfield code="r">2026-04-10 16:06:22</subfield>
    <subfield code="w">2026-04-10</subfield>
    <subfield code="y">RN</subfield>
  </datafield>
  <datafield tag="952" ind1=" " ind2=" ">
    <subfield code="0">0</subfield>
    <subfield code="1">0</subfield>
    <subfield code="4">0</subfield>
    <subfield code="7">0</subfield>
    <subfield code="a">BCEJYS</subfield>
    <subfield code="b">BCEJYS</subfield>
    <subfield code="c">17</subfield>
    <subfield code="d">2004-04-01</subfield>
    <subfield code="h">N&#xBA; 2 - abr./jun. 2004</subfield>
    <subfield code="l">0</subfield>
    <subfield code="o">H339.5 FOR 2.2004</subfield>
    <subfield code="p">R00401</subfield>
    <subfield code="r">2026-04-10 16:06:22</subfield>
    <subfield code="w">2026-04-10</subfield>
    <subfield code="y">RN</subfield>
  </datafield>
  <datafield tag="952" ind1=" " ind2=" ">
    <subfield code="0">0</subfield>
    <subfield code="1">0</subfield>
    <subfield code="4">0</subfield>
    <subfield code="7">0</subfield>
    <subfield code="a">BCEJYS</subfield>
    <subfield code="b">BCEJYS</subfield>
    <subfield code="c">17</subfield>
    <subfield code="d">2004-01-01</subfield>
    <subfield code="h">N&#xBA; 1 - ene./mar. 2004</subfield>
    <subfield code="l">0</subfield>
    <subfield code="o">H339.5 FOR 1.2004</subfield>
    <subfield code="p">R00400</subfield>
    <subfield code="r">2026-04-10 16:06:22</subfield>
    <subfield code="w">2026-04-10</subfield>
    <subfield code="y">RN</subfield>
  </datafield>
  <datafield tag="952" ind1=" " ind2=" ">
    <subfield code="0">0</subfield>
    <subfield code="1">0</subfield>
    <subfield code="4">0</subfield>
    <subfield code="7">0</subfield>
    <subfield code="a">BCEJYS</subfield>
    <subfield code="b">BCEJYS</subfield>
    <subfield code="c">17</subfield>
    <subfield code="d">2003-10-01</subfield>
    <subfield code="h">N&#xBA; 4 - oct./dic. 2003</subfield>
    <subfield code="l">0</subfield>
    <subfield code="o">H339.5 FOR 4.2003</subfield>
    <subfield code="p">R00399</subfield>
    <subfield code="r">2026-04-10 16:06:22</subfield>
    <subfield code="w">2026-04-10</subfield>
    <subfield code="y">RN</subfield>
  </datafield>
  <datafield tag="952" ind1=" " ind2=" ">
    <subfield code="0">0</subfield>
    <subfield code="1">0</subfield>
    <subfield code="4">0</subfield>
    <subfield code="7">0</subfield>
    <subfield code="a">BCEJYS</subfield>
    <subfield code="b">BCEJYS</subfield>
    <subfield code="c">17</subfield>
    <subfield code="d">2003-07-01</subfield>
    <subfield code="h">N&#xBA; 3 - jul./sep. 2003</subfield>
    <subfield code="l">0</subfield>
    <subfield code="o">H339.5 FOR 3.2003</subfield>
    <subfield code="p">R00398</subfield>
    <subfield code="r">2026-04-10 16:06:22</subfield>
    <subfield code="w">2026-04-10</subfield>
    <subfield code="y">RN</subfield>
  </datafield>
  <datafield tag="952" ind1=" " ind2=" ">
    <subfield code="0">0</subfield>
    <subfield code="1">0</subfield>
    <subfield code="4">0</subfield>
    <subfield code="7">0</subfield>
    <subfield code="a">BCEJYS</subfield>
    <subfield code="b">BCEJYS</subfield>
    <subfield code="c">17</subfield>
    <subfield code="d">2003-04-01</subfield>
    <subfield code="h">N&#xBA; 2 - abr./jun. 2003</subfield>
    <subfield code="l">0</subfield>
    <subfield code="o">H339.5 FOR 2.2003</subfield>
    <subfield code="p">R00396</subfield>
    <subfield code="r">2026-04-10 16:06:22</subfield>
    <subfield code="w">2026-04-10</subfield>
    <subfield code="y">RN</subfield>
  </datafield>
  <datafield tag="952" ind1=" " ind2=" ">
    <subfield code="0">0</subfield>
    <subfield code="1">0</subfield>
    <subfield code="4">0</subfield>
    <subfield code="7">0</subfield>
    <subfield code="a">BCEJYS</subfield>
    <subfield code="b">BCEJYS</subfield>
    <subfield code="c">17</subfield>
    <subfield code="d">2003-01-01</subfield>
    <subfield code="h">N&#xBA; 1 - ene./mar. 2003</subfield>
    <subfield code="l">0</subfield>
    <subfield code="o">H339.5 FOR 1.2003</subfield>
    <subfield code="p">R00395</subfield>
    <subfield code="r">2026-04-10 16:06:22</subfield>
    <subfield code="w">2026-04-10</subfield>
    <subfield code="y">RN</subfield>
  </datafield>
  <datafield tag="952" ind1=" " ind2=" ">
    <subfield code="0">0</subfield>
    <subfield code="1">0</subfield>
    <subfield code="4">0</subfield>
    <subfield code="7">0</subfield>
    <subfield code="a">BCEJYS</subfield>
    <subfield code="b">BCEJYS</subfield>
    <subfield code="c">17</subfield>
    <subfield code="d">2002-10-01</subfield>
    <subfield code="h">N&#xBA; 4 - oct./dic. 2002</subfield>
    <subfield code="l">0</subfield>
    <subfield code="o">H339.5 FOR 4.2002</subfield>
    <subfield code="p">R00394</subfield>
    <subfield code="r">2026-04-10 16:06:22</subfield>
    <subfield code="w">2026-04-10</subfield>
    <subfield code="y">RN</subfield>
  </datafield>
  <datafield tag="952" ind1=" " ind2=" ">
    <subfield code="0">0</subfield>
    <subfield code="1">0</subfield>
    <subfield code="4">0</subfield>
    <subfield code="7">0</subfield>
    <subfield code="a">BCEJYS</subfield>
    <subfield code="b">BCEJYS</subfield>
    <subfield code="c">17</subfield>
    <subfield code="d">2002-07-01</subfield>
    <subfield code="h">N&#xBA; 3 - jul./sep. 2002</subfield>
    <subfield code="l">0</subfield>
    <subfield code="o">H339.5 FOR 3.2002</subfield>
    <subfield code="p">R00393</subfield>
    <subfield code="r">2026-04-10 16:06:22</subfield>
    <subfield code="w">2026-04-10</subfield>
    <subfield code="y">RN</subfield>
  </datafield>
  <datafield tag="952" ind1=" " ind2=" ">
    <subfield code="0">0</subfield>
    <subfield code="1">0</subfield>
    <subfield code="4">0</subfield>
    <subfield code="7">0</subfield>
    <subfield code="a">BCEJYS</subfield>
    <subfield code="b">BCEJYS</subfield>
    <subfield code="c">17</subfield>
    <subfield code="d">2002-04-01</subfield>
    <subfield code="h">N&#xBA; 2 - abr./jun. 2002</subfield>
    <subfield code="l">0</subfield>
    <subfield code="o">H339.5 FOR 2.002</subfield>
    <subfield code="p">R00392</subfield>
    <subfield code="r">2026-04-10 16:06:22</subfield>
    <subfield code="w">2026-04-10</subfield>
    <subfield code="y">RN</subfield>
  </datafield>
  <datafield tag="952" ind1=" " ind2=" ">
    <subfield code="0">0</subfield>
    <subfield code="1">0</subfield>
    <subfield code="4">0</subfield>
    <subfield code="7">0</subfield>
    <subfield code="a">BCEJYS</subfield>
    <subfield code="b">BCEJYS</subfield>
    <subfield code="c">17</subfield>
    <subfield code="d">2002-01-01</subfield>
    <subfield code="h">N&#xBA; 1 - ene./mar. 2002</subfield>
    <subfield code="l">0</subfield>
    <subfield code="o">H339.5 FOR 1.2002</subfield>
    <subfield code="p">R00391</subfield>
    <subfield code="r">2026-04-10 16:06:22</subfield>
    <subfield code="w">2026-04-10</subfield>
    <subfield code="y">RN</subfield>
  </datafield>
  <datafield tag="952" ind1=" " ind2=" ">
    <subfield code="0">0</subfield>
    <subfield code="1">0</subfield>
    <subfield code="4">0</subfield>
    <subfield code="7">0</subfield>
    <subfield code="a">BCEJYS</subfield>
    <subfield code="b">BCEJYS</subfield>
    <subfield code="c">17</subfield>
    <subfield code="d">2001-10-01</subfield>
    <subfield code="h">N&#xBA; 4 - oct./dic. 2001</subfield>
    <subfield code="l">0</subfield>
    <subfield code="o">H339.5 FOR 4.2001</subfield>
    <subfield code="p">R00390</subfield>
    <subfield code="r">2026-04-10 16:06:22</subfield>
    <subfield code="w">2026-04-10</subfield>
    <subfield code="y">RN</subfield>
  </datafield>
  <datafield tag="952" ind1=" " ind2=" ">
    <subfield code="0">0</subfield>
    <subfield code="1">0</subfield>
    <subfield code="4">0</subfield>
    <subfield code="7">0</subfield>
    <subfield code="a">BCEJYS</subfield>
    <subfield code="b">BCEJYS</subfield>
    <subfield code="c">17</subfield>
    <subfield code="d">2001-07-01</subfield>
    <subfield code="h">N&#xBA; 3 - jul./sep. 2001</subfield>
    <subfield code="l">0</subfield>
    <subfield code="o">H339.5 FOR 3.2001</subfield>
    <subfield code="p">R00397</subfield>
    <subfield code="r">2026-04-10 16:06:22</subfield>
    <subfield code="w">2026-04-10</subfield>
    <subfield code="y">RN</subfield>
  </datafield>
  <datafield tag="952" ind1=" " ind2=" ">
    <subfield code="0">0</subfield>
    <subfield code="1">0</subfield>
    <subfield code="4">0</subfield>
    <subfield code="7">0</subfield>
    <subfield code="a">BCEJYS</subfield>
    <subfield code="b">BCEJYS</subfield>
    <subfield code="c">17</subfield>
    <subfield code="d">2001-04-01</subfield>
    <subfield code="h">N&#xBA; 2 - abr./jun. 2001</subfield>
    <subfield code="l">0</subfield>
    <subfield code="o">H339.5 FOR 2.2001</subfield>
    <subfield code="p">R00389</subfield>
    <subfield code="r">2026-04-10 16:06:22</subfield>
    <subfield code="w">2026-04-10</subfield>
    <subfield code="y">RN</subfield>
  </datafield>
  <datafield tag="952" ind1=" " ind2=" ">
    <subfield code="0">0</subfield>
    <subfield code="1">0</subfield>
    <subfield code="4">0</subfield>
    <subfield code="7">0</subfield>
    <subfield code="a">BCEJYS</subfield>
    <subfield code="b">BCEJYS</subfield>
    <subfield code="c">17</subfield>
    <subfield code="d">2001-01-01</subfield>
    <subfield code="h">N&#xBA; 1 - ene./mar. 2001</subfield>
    <subfield code="l">0</subfield>
    <subfield code="o">H339.5 FOR 1.2001</subfield>
    <subfield code="p">R00388</subfield>
    <subfield code="r">2026-04-10 16:06:22</subfield>
    <subfield code="w">2026-04-10</subfield>
    <subfield code="y">RN</subfield>
  </datafield>
  <datafield tag="952" ind1=" " ind2=" ">
    <subfield code="0">0</subfield>
    <subfield code="1">0</subfield>
    <subfield code="4">0</subfield>
    <subfield code="7">0</subfield>
    <subfield code="a">BCEJYS</subfield>
    <subfield code="b">BCEJYS</subfield>
    <subfield code="c">17</subfield>
    <subfield code="d">2000-07-01</subfield>
    <subfield code="h">N&#xBA; 3 - jul./sep. 2000</subfield>
    <subfield code="l">0</subfield>
    <subfield code="o">H339.5 FOR 3.2000</subfield>
    <subfield code="p">R00387</subfield>
    <subfield code="r">2026-04-10 16:06:22</subfield>
    <subfield code="w">2026-04-10</subfield>
    <subfield code="y">RN</subfield>
  </datafield>
  <datafield tag="952" ind1=" " ind2=" ">
    <subfield code="0">0</subfield>
    <subfield code="1">0</subfield>
    <subfield code="4">0</subfield>
    <subfield code="7">0</subfield>
    <subfield code="a">BCEJYS</subfield>
    <subfield code="b">BCEJYS</subfield>
    <subfield code="c">17</subfield>
    <subfield code="d">2000-04-01</subfield>
    <subfield code="h">N&#xBA; 2 - abr./jun. 2000</subfield>
    <subfield code="l">0</subfield>
    <subfield code="o">H339.5 FOR 2.2000</subfield>
    <subfield code="p">R00386</subfield>
    <subfield code="r">2026-04-10 16:06:22</subfield>
    <subfield code="w">2026-04-10</subfield>
    <subfield code="y">RN</subfield>
  </datafield>
  <datafield tag="952" ind1=" " ind2=" ">
    <subfield code="0">0</subfield>
    <subfield code="1">0</subfield>
    <subfield code="4">0</subfield>
    <subfield code="7">0</subfield>
    <subfield code="a">BCEJYS</subfield>
    <subfield code="b">BCEJYS</subfield>
    <subfield code="c">17</subfield>
    <subfield code="d">2000-01-01</subfield>
    <subfield code="h">N&#xBA; 1 - ene./mar. 2000</subfield>
    <subfield code="l">0</subfield>
    <subfield code="o">H339.5 FOR 1.2000</subfield>
    <subfield code="p">R00385</subfield>
    <subfield code="r">2026-04-10 16:06:22</subfield>
    <subfield code="w">2026-04-10</subfield>
    <subfield code="y">RN</subfield>
  </datafield>
  <datafield tag="952" ind1=" " ind2=" ">
    <subfield code="0">0</subfield>
    <subfield code="1">0</subfield>
    <subfield code="4">0</subfield>
    <subfield code="7">0</subfield>
    <subfield code="a">BCEJYS</subfield>
    <subfield code="b">BCEJYS</subfield>
    <subfield code="c">17</subfield>
    <subfield code="d">1999-10-01</subfield>
    <subfield code="h">N&#xBA; 4 - oct./dic. 1999</subfield>
    <subfield code="l">0</subfield>
    <subfield code="o">H339.5 FOR 4.1999</subfield>
    <subfield code="p">R00384</subfield>
    <subfield code="r">2026-04-10 16:06:22</subfield>
    <subfield code="w">2026-04-10</subfield>
    <subfield code="y">RN</subfield>
  </datafield>
  <datafield tag="952" ind1=" " ind2=" ">
    <subfield code="0">0</subfield>
    <subfield code="1">0</subfield>
    <subfield code="4">0</subfield>
    <subfield code="7">0</subfield>
    <subfield code="a">BCEJYS</subfield>
    <subfield code="b">BCEJYS</subfield>
    <subfield code="c">17</subfield>
    <subfield code="d">1999-07-01</subfield>
    <subfield code="h">N&#xBA; 3 - jul./sep. 1999</subfield>
    <subfield code="l">0</subfield>
    <subfield code="o">H339.5 FOR 3.1999</subfield>
    <subfield code="p">R00383</subfield>
    <subfield code="r">2026-04-10 16:06:22</subfield>
    <subfield code="w">2026-04-10</subfield>
    <subfield code="y">RN</subfield>
  </datafield>
  <datafield tag="952" ind1=" " ind2=" ">
    <subfield code="0">0</subfield>
    <subfield code="1">0</subfield>
    <subfield code="4">0</subfield>
    <subfield code="7">0</subfield>
    <subfield code="a">BCEJYS</subfield>
    <subfield code="b">BCEJYS</subfield>
    <subfield code="c">17</subfield>
    <subfield code="d">1999-04-01</subfield>
    <subfield code="h">N&#xBA; 2 - abr./jun. 1999</subfield>
    <subfield code="l">0</subfield>
    <subfield code="o">H339.5 FOR 2.1999</subfield>
    <subfield code="p">R00382</subfield>
    <subfield code="r">2026-04-10 16:06:22</subfield>
    <subfield code="w">2026-04-10</subfield>
    <subfield code="y">RN</subfield>
  </datafield>
  <datafield tag="952" ind1=" " ind2=" ">
    <subfield code="0">0</subfield>
    <subfield code="1">0</subfield>
    <subfield code="4">0</subfield>
    <subfield code="7">0</subfield>
    <subfield code="a">BCEJYS</subfield>
    <subfield code="b">BCEJYS</subfield>
    <subfield code="c">17</subfield>
    <subfield code="d">1999-01-01</subfield>
    <subfield code="h">N&#xBA; 1 - ene./mar. 1999</subfield>
    <subfield code="l">0</subfield>
    <subfield code="o">H339.5 FOR 1.1999</subfield>
    <subfield code="p">R00381</subfield>
    <subfield code="r">2026-04-10 16:06:22</subfield>
    <subfield code="w">2026-04-10</subfield>
    <subfield code="y">RN</subfield>
  </datafield>
  <datafield tag="952" ind1=" " ind2=" ">
    <subfield code="0">0</subfield>
    <subfield code="1">0</subfield>
    <subfield code="4">0</subfield>
    <subfield code="7">0</subfield>
    <subfield code="a">BCEJYS</subfield>
    <subfield code="b">BCEJYS</subfield>
    <subfield code="c">17</subfield>
    <subfield code="d">1998-07-01</subfield>
    <subfield code="h">N&#xBA; 3 - jul./sep. 1998</subfield>
    <subfield code="l">0</subfield>
    <subfield code="o">H339.5 FOR 3.1998</subfield>
    <subfield code="p">R00380</subfield>
    <subfield code="r">2026-04-10 16:06:22</subfield>
    <subfield code="w">2026-04-10</subfield>
    <subfield code="y">RN</subfield>
  </datafield>
  <datafield tag="952" ind1=" " ind2=" ">
    <subfield code="0">0</subfield>
    <subfield code="1">0</subfield>
    <subfield code="4">0</subfield>
    <subfield code="7">0</subfield>
    <subfield code="a">BCEJYS</subfield>
    <subfield code="b">BCEJYS</subfield>
    <subfield code="c">17</subfield>
    <subfield code="d">1998-01-01</subfield>
    <subfield code="h">N&#xBA; 1 - ene./mar. 1998</subfield>
    <subfield code="l">0</subfield>
    <subfield code="o">H339.5 FOR 1.1998</subfield>
    <subfield code="p">R00379</subfield>
    <subfield code="r">2026-04-10 16:06:22</subfield>
    <subfield code="w">2026-04-10</subfield>
    <subfield code="y">RN</subfield>
  </datafield>
  <datafield tag="952" ind1=" " ind2=" ">
    <subfield code="0">0</subfield>
    <subfield code="1">0</subfield>
    <subfield code="4">0</subfield>
    <subfield code="7">0</subfield>
    <subfield code="a">BCEJYS</subfield>
    <subfield code="b">BCEJYS</subfield>
    <subfield code="c">17</subfield>
    <subfield code="d">1997-07-01</subfield>
    <subfield code="h">N&#xBA; 3 - jul./sep. 1997</subfield>
    <subfield code="l">0</subfield>
    <subfield code="o">H339.5 FOR 3.1997</subfield>
    <subfield code="p">R00378</subfield>
    <subfield code="r">2026-04-10 16:06:22</subfield>
    <subfield code="w">2026-04-10</subfield>
    <subfield code="y">RN</subfield>
  </datafield>
  <datafield tag="952" ind1=" " ind2=" ">
    <subfield code="0">0</subfield>
    <subfield code="1">0</subfield>
    <subfield code="4">0</subfield>
    <subfield code="7">0</subfield>
    <subfield code="a">BCEJYS</subfield>
    <subfield code="b">BCEJYS</subfield>
    <subfield code="c">17</subfield>
    <subfield code="d">1997-04-01</subfield>
    <subfield code="h">N&#xBA; 2 - abr./jun. 1997</subfield>
    <subfield code="l">0</subfield>
    <subfield code="o">H339.5 FOR 2.1997</subfield>
    <subfield code="p">R00377</subfield>
    <subfield code="r">2026-04-10 16:06:22</subfield>
    <subfield code="w">2026-04-10</subfield>
    <subfield code="y">RN</subfield>
  </datafield>
  <datafield tag="952" ind1=" " ind2=" ">
    <subfield code="0">0</subfield>
    <subfield code="1">0</subfield>
    <subfield code="4">0</subfield>
    <subfield code="7">0</subfield>
    <subfield code="a">BCEJYS</subfield>
    <subfield code="b">BCEJYS</subfield>
    <subfield code="c">17</subfield>
    <subfield code="d">1997-01-01</subfield>
    <subfield code="h">N&#xBA; 1 - ene./mar. 1997</subfield>
    <subfield code="l">0</subfield>
    <subfield code="o">H339.5 FOR 1.1997</subfield>
    <subfield code="p">R00376</subfield>
    <subfield code="r">2026-04-10 16:06:22</subfield>
    <subfield code="w">2026-04-10</subfield>
    <subfield code="y">RN</subfield>
  </datafield>
  <datafield tag="952" ind1=" " ind2=" ">
    <subfield code="0">0</subfield>
    <subfield code="1">0</subfield>
    <subfield code="4">0</subfield>
    <subfield code="7">0</subfield>
    <subfield code="a">BCEJYS</subfield>
    <subfield code="b">BCEJYS</subfield>
    <subfield code="c">17</subfield>
    <subfield code="d">1996-04-01</subfield>
    <subfield code="h">N&#xBA; 2 - abr./jun. 1996</subfield>
    <subfield code="l">0</subfield>
    <subfield code="o">H339.5 FOR 2.1996</subfield>
    <subfield code="p">R00375</subfield>
    <subfield code="r">2026-04-10 16:06:22</subfield>
    <subfield code="w">2026-04-10</subfield>
    <subfield code="y">RN</subfield>
  </datafield>
  <datafield tag="952" ind1=" " ind2=" ">
    <subfield code="0">0</subfield>
    <subfield code="1">0</subfield>
    <subfield code="4">0</subfield>
    <subfield code="7">0</subfield>
    <subfield code="a">BCEJYS</subfield>
    <subfield code="b">BCEJYS</subfield>
    <subfield code="c">17</subfield>
    <subfield code="d">1995-10-01</subfield>
    <subfield code="h">N&#xBA; 4 - oct./dic. 1995</subfield>
    <subfield code="l">0</subfield>
    <subfield code="o">H339.5 FOR 4.1995</subfield>
    <subfield code="p">R00374</subfield>
    <subfield code="r">2026-04-10 16:06:22</subfield>
    <subfield code="w">2026-04-10</subfield>
    <subfield code="y">RN</subfield>
  </datafield>
  <datafield tag="952" ind1=" " ind2=" ">
    <subfield code="0">0</subfield>
    <subfield code="1">0</subfield>
    <subfield code="4">0</subfield>
    <subfield code="7">0</subfield>
    <subfield code="a">BCEJYS</subfield>
    <subfield code="b">BCEJYS</subfield>
    <subfield code="c">17</subfield>
    <subfield code="d">1995-07-01</subfield>
    <subfield code="h">N&#xBA; 3 - jul./sep. 1995</subfield>
    <subfield code="l">0</subfield>
    <subfield code="o">H339.5 FOR 3.1995</subfield>
    <subfield code="p">R00373</subfield>
    <subfield code="r">2026-04-10 16:06:22</subfield>
    <subfield code="w">2026-04-10</subfield>
    <subfield code="y">RN</subfield>
  </datafield>
  <datafield tag="952" ind1=" " ind2=" ">
    <subfield code="0">0</subfield>
    <subfield code="1">0</subfield>
    <subfield code="4">0</subfield>
    <subfield code="7">0</subfield>
    <subfield code="a">BCEJYS</subfield>
    <subfield code="b">BCEJYS</subfield>
    <subfield code="c">17</subfield>
    <subfield code="d">1995-04-01</subfield>
    <subfield code="h">N&#xBA; 2 - abr./jun. 1995</subfield>
    <subfield code="l">0</subfield>
    <subfield code="o">H339.5 FOR 2.1995</subfield>
    <subfield code="p">R00372</subfield>
    <subfield code="r">2026-04-10 16:06:22</subfield>
    <subfield code="w">2026-04-10</subfield>
    <subfield code="y">RN</subfield>
  </datafield>
  <datafield tag="952" ind1=" " ind2=" ">
    <subfield code="0">0</subfield>
    <subfield code="1">0</subfield>
    <subfield code="4">0</subfield>
    <subfield code="7">0</subfield>
    <subfield code="a">BCEJYS</subfield>
    <subfield code="b">BCEJYS</subfield>
    <subfield code="c">17</subfield>
    <subfield code="d">1995-01-01</subfield>
    <subfield code="h">N&#xBA; 1 - ene./mar. 1995</subfield>
    <subfield code="l">0</subfield>
    <subfield code="o">H339.5 FOR 1.1995</subfield>
    <subfield code="p">R00371</subfield>
    <subfield code="r">2026-04-10 16:06:22</subfield>
    <subfield code="w">2026-04-10</subfield>
    <subfield code="y">RN</subfield>
  </datafield>
  <datafield tag="952" ind1=" " ind2=" ">
    <subfield code="0">0</subfield>
    <subfield code="1">0</subfield>
    <subfield code="4">0</subfield>
    <subfield code="7">0</subfield>
    <subfield code="a">BCEJYS</subfield>
    <subfield code="b">BCEJYS</subfield>
    <subfield code="c">17</subfield>
    <subfield code="d">1994-10-01</subfield>
    <subfield code="h">N&#xBA; 4 - oct./dic. 1994</subfield>
    <subfield code="l">0</subfield>
    <subfield code="o">H339.5 FOR 4.1994</subfield>
    <subfield code="p">R03037</subfield>
    <subfield code="r">2026-04-10 16:06:23</subfield>
    <subfield code="w">2026-04-10</subfield>
    <subfield code="y">RN</subfield>
  </datafield>
  <datafield tag="952" ind1=" " ind2=" ">
    <subfield code="0">0</subfield>
    <subfield code="1">0</subfield>
    <subfield code="4">0</subfield>
    <subfield code="7">0</subfield>
    <subfield code="a">BCEJYS</subfield>
    <subfield code="b">BCEJYS</subfield>
    <subfield code="c">17</subfield>
    <subfield code="d">1994-07-01</subfield>
    <subfield code="h">N&#xBA; 3 - jul./sep. 1994</subfield>
    <subfield code="l">0</subfield>
    <subfield code="o">H339.5 FOR 3.1994</subfield>
    <subfield code="p">R03038</subfield>
    <subfield code="r">2026-04-10 16:06:23</subfield>
    <subfield code="w">2026-04-10</subfield>
    <subfield code="y">RN</subfield>
  </datafield>
  <datafield tag="952" ind1=" " ind2=" ">
    <subfield code="0">0</subfield>
    <subfield code="1">0</subfield>
    <subfield code="4">0</subfield>
    <subfield code="7">0</subfield>
    <subfield code="a">BCEJYS</subfield>
    <subfield code="b">BCEJYS</subfield>
    <subfield code="c">17</subfield>
    <subfield code="d">1993-01-01</subfield>
    <subfield code="h">N&#xBA; 1 - ene./mar. 1993</subfield>
    <subfield code="l">0</subfield>
    <subfield code="o">H339.5 FOR 1.1993</subfield>
    <subfield code="p">R00370</subfield>
    <subfield code="r">2026-04-10 16:06:23</subfield>
    <subfield code="w">2026-04-10</subfield>
    <subfield code="y">RN</subfield>
  </datafield>
  <datafield tag="952" ind1=" " ind2=" ">
    <subfield code="0">0</subfield>
    <subfield code="1">0</subfield>
    <subfield code="4">0</subfield>
    <subfield code="7">0</subfield>
    <subfield code="a">BCEJYS</subfield>
    <subfield code="b">BCEJYS</subfield>
    <subfield code="c">17</subfield>
    <subfield code="d">1992-10-01</subfield>
    <subfield code="h">N&#xBA; 4 - oct./dic. 1992</subfield>
    <subfield code="l">0</subfield>
    <subfield code="o">H339.5 FOR 4.1992</subfield>
    <subfield code="p">R00369</subfield>
    <subfield code="r">2026-04-10 16:06:23</subfield>
    <subfield code="w">2026-04-10</subfield>
    <subfield code="y">RN</subfield>
  </datafield>
  <datafield tag="952" ind1=" " ind2=" ">
    <subfield code="0">0</subfield>
    <subfield code="1">0</subfield>
    <subfield code="4">0</subfield>
    <subfield code="7">0</subfield>
    <subfield code="a">BCEJYS</subfield>
    <subfield code="b">BCEJYS</subfield>
    <subfield code="c">17</subfield>
    <subfield code="d">1992-04-01</subfield>
    <subfield code="h">N&#xBA; 2 - abr./jun. 1992</subfield>
    <subfield code="l">0</subfield>
    <subfield code="o">H339.5 FOR 2.1992</subfield>
    <subfield code="p">R03039</subfield>
    <subfield code="r">2026-04-10 16:06:23</subfield>
    <subfield code="w">2026-04-10</subfield>
    <subfield code="y">RN</subfield>
  </datafield>
  <datafield tag="952" ind1=" " ind2=" ">
    <subfield code="0">0</subfield>
    <subfield code="1">0</subfield>
    <subfield code="4">0</subfield>
    <subfield code="7">0</subfield>
    <subfield code="a">BCEJYS</subfield>
    <subfield code="b">BCEJYS</subfield>
    <subfield code="c">17</subfield>
    <subfield code="d">1991-10-01</subfield>
    <subfield code="h">N&#xBA; 4 - oct./dic. 1991</subfield>
    <subfield code="l">0</subfield>
    <subfield code="o">H339.5 FOR 4.1991</subfield>
    <subfield code="p">R00368</subfield>
    <subfield code="r">2026-04-10 16:06:23</subfield>
    <subfield code="w">2026-04-10</subfield>
    <subfield code="y">RN</subfield>
  </datafield>
  <datafield tag="952" ind1=" " ind2=" ">
    <subfield code="0">0</subfield>
    <subfield code="1">0</subfield>
    <subfield code="4">0</subfield>
    <subfield code="7">0</subfield>
    <subfield code="a">BCEJYS</subfield>
    <subfield code="b">BCEJYS</subfield>
    <subfield code="c">17</subfield>
    <subfield code="d">1991-04-01</subfield>
    <subfield code="h">N&#xBA; 2 - abr./jun. 1991</subfield>
    <subfield code="l">0</subfield>
    <subfield code="o">H339.5 FOR 2.1991</subfield>
    <subfield code="p">R03040</subfield>
    <subfield code="r">2026-04-10 16:06:23</subfield>
    <subfield code="w">2026-04-10</subfield>
    <subfield code="y">RN</subfield>
  </datafield>
  <datafield tag="952" ind1=" " ind2=" ">
    <subfield code="0">0</subfield>
    <subfield code="1">0</subfield>
    <subfield code="4">0</subfield>
    <subfield code="7">0</subfield>
    <subfield code="a">BCEJYS</subfield>
    <subfield code="b">BCEJYS</subfield>
    <subfield code="c">17</subfield>
    <subfield code="d">1991-01-01</subfield>
    <subfield code="h">N&#xBA; 1 - ene./mar. 1991</subfield>
    <subfield code="l">0</subfield>
    <subfield code="o">H339.5 FOR 1.1991</subfield>
    <subfield code="p">R03041</subfield>
    <subfield code="r">2026-04-10 16:06:23</subfield>
    <subfield code="w">2026-04-10</subfield>
    <subfield code="y">RN</subfield>
  </datafield>
  <datafield tag="952" ind1=" " ind2=" ">
    <subfield code="0">0</subfield>
    <subfield code="1">0</subfield>
    <subfield code="4">0</subfield>
    <subfield code="7">0</subfield>
    <subfield code="a">BCEJYS</subfield>
    <subfield code="b">BCEJYS</subfield>
    <subfield code="c">17</subfield>
    <subfield code="d">1990-10-01</subfield>
    <subfield code="h">N&#xBA; 4 - oct./dic. 1990</subfield>
    <subfield code="l">0</subfield>
    <subfield code="o">H339.5 FOR 4.1990</subfield>
    <subfield code="p">R03042</subfield>
    <subfield code="r">2026-04-10 16:06:23</subfield>
    <subfield code="w">2026-04-10</subfield>
    <subfield code="y">RN</subfield>
  </datafield>
  <datafield tag="952" ind1=" " ind2=" ">
    <subfield code="0">0</subfield>
    <subfield code="1">0</subfield>
    <subfield code="4">0</subfield>
    <subfield code="7">0</subfield>
    <subfield code="a">BCEJYS</subfield>
    <subfield code="b">BCEJYS</subfield>
    <subfield code="c">17</subfield>
    <subfield code="d">1990-07-01</subfield>
    <subfield code="h">Vol. XXVI, N&#xBA; 3 - jul./sep. 1990</subfield>
    <subfield code="l">0</subfield>
    <subfield code="o">H339.5 FOR 3.1990</subfield>
    <subfield code="p">R00367</subfield>
    <subfield code="r">2026-04-10 16:06:23</subfield>
    <subfield code="w">2026-04-10</subfield>
    <subfield code="y">RN</subfield>
  </datafield>
  <datafield tag="952" ind1=" " ind2=" ">
    <subfield code="0">0</subfield>
    <subfield code="1">0</subfield>
    <subfield code="4">0</subfield>
    <subfield code="7">0</subfield>
    <subfield code="a">BCEJYS</subfield>
    <subfield code="b">BCEJYS</subfield>
    <subfield code="c">17</subfield>
    <subfield code="d">1990-04-01</subfield>
    <subfield code="h">Vol. XXVI, N&#xBA; 2 - abr./jun. 1990</subfield>
    <subfield code="l">0</subfield>
    <subfield code="o">H339.5 FOR 2.1990</subfield>
    <subfield code="p">R03165</subfield>
    <subfield code="r">2026-04-10 16:06:23</subfield>
    <subfield code="w">2026-04-10</subfield>
    <subfield code="y">RN</subfield>
  </datafield>
  <datafield tag="952" ind1=" " ind2=" ">
    <subfield code="0">0</subfield>
    <subfield code="1">0</subfield>
    <subfield code="4">0</subfield>
    <subfield code="7">0</subfield>
    <subfield code="a">BCEJYS</subfield>
    <subfield code="b">BCEJYS</subfield>
    <subfield code="c">17</subfield>
    <subfield code="d">1990-01-01</subfield>
    <subfield code="h">Vol. XXVI, N&#xBA; 1 - ene./mar. 1990</subfield>
    <subfield code="l">0</subfield>
    <subfield code="o">H339.5 FOR 1.1990</subfield>
    <subfield code="p">R03166</subfield>
    <subfield code="r">2026-04-10 16:06:23</subfield>
    <subfield code="w">2026-04-10</subfield>
    <subfield code="y">RN</subfield>
  </datafield>
  <datafield tag="952" ind1=" " ind2=" ">
    <subfield code="0">0</subfield>
    <subfield code="1">0</subfield>
    <subfield code="4">0</subfield>
    <subfield code="7">0</subfield>
    <subfield code="a">BCEJYS</subfield>
    <subfield code="b">BCEJYS</subfield>
    <subfield code="c">17</subfield>
    <subfield code="d">1989-10-01</subfield>
    <subfield code="h">Vol. XXV, N&#xBA; 4 - oct./dic. 1989</subfield>
    <subfield code="l">0</subfield>
    <subfield code="o">H339.5 FOR 4.1989</subfield>
    <subfield code="p">R00366</subfield>
    <subfield code="r">2026-04-10 16:06:23</subfield>
    <subfield code="w">2026-04-10</subfield>
    <subfield code="y">RN</subfield>
  </datafield>
  <datafield tag="952" ind1=" " ind2=" ">
    <subfield code="0">0</subfield>
    <subfield code="1">0</subfield>
    <subfield code="4">0</subfield>
    <subfield code="7">0</subfield>
    <subfield code="a">BCEJYS</subfield>
    <subfield code="b">BCEJYS</subfield>
    <subfield code="c">17</subfield>
    <subfield code="d">1989-04-01</subfield>
    <subfield code="h">Vol. XXV, N&#xBA; 2 - abr./jun. 1989</subfield>
    <subfield code="l">0</subfield>
    <subfield code="o">H339.5 FOR 2.1989</subfield>
    <subfield code="p">R03167</subfield>
    <subfield code="r">2026-04-10 16:06:23</subfield>
    <subfield code="w">2026-04-10</subfield>
    <subfield code="y">RN</subfield>
  </datafield>
  <datafield tag="952" ind1=" " ind2=" ">
    <subfield code="0">0</subfield>
    <subfield code="1">0</subfield>
    <subfield code="4">0</subfield>
    <subfield code="7">0</subfield>
    <subfield code="a">BCEJYS</subfield>
    <subfield code="b">BCEJYS</subfield>
    <subfield code="c">17</subfield>
    <subfield code="d">1988-10-01</subfield>
    <subfield code="h">Vol. XXIV, N&#xBA; 4 - oct./dic. 1988</subfield>
    <subfield code="l">0</subfield>
    <subfield code="o">H339.5 FOR 4.1988</subfield>
    <subfield code="p">R03168</subfield>
    <subfield code="r">2026-04-10 16:06:23</subfield>
    <subfield code="w">2026-04-10</subfield>
    <subfield code="y">RN</subfield>
  </datafield>
  <datafield tag="952" ind1=" " ind2=" ">
    <subfield code="0">0</subfield>
    <subfield code="1">0</subfield>
    <subfield code="4">0</subfield>
    <subfield code="7">0</subfield>
    <subfield code="a">BCEJYS</subfield>
    <subfield code="b">BCEJYS</subfield>
    <subfield code="c">17</subfield>
    <subfield code="d">1988-07-01</subfield>
    <subfield code="h">Vol. XXIV, N&#xBA; 3 - jul./sep. 1988</subfield>
    <subfield code="l">0</subfield>
    <subfield code="o">H339.5 FOR 3.1988</subfield>
    <subfield code="p">R00365</subfield>
    <subfield code="r">2026-04-10 16:06:23</subfield>
    <subfield code="w">2026-04-10</subfield>
    <subfield code="y">RN</subfield>
  </datafield>
  <datafield tag="952" ind1=" " ind2=" ">
    <subfield code="0">0</subfield>
    <subfield code="1">0</subfield>
    <subfield code="4">0</subfield>
    <subfield code="7">0</subfield>
    <subfield code="a">BCEJYS</subfield>
    <subfield code="b">BCEJYS</subfield>
    <subfield code="c">17</subfield>
    <subfield code="d">1988-04-01</subfield>
    <subfield code="h">Vol. XXIV, N&#xBA; 2 - abr./jun. 1988</subfield>
    <subfield code="l">0</subfield>
    <subfield code="o">H339.5 FOR 2.1988</subfield>
    <subfield code="p">R03169</subfield>
    <subfield code="r">2026-04-10 16:06:23</subfield>
    <subfield code="w">2026-04-10</subfield>
    <subfield code="y">RN</subfield>
  </datafield>
  <datafield tag="952" ind1=" " ind2=" ">
    <subfield code="0">0</subfield>
    <subfield code="1">0</subfield>
    <subfield code="4">0</subfield>
    <subfield code="7">0</subfield>
    <subfield code="a">BCEJYS</subfield>
    <subfield code="b">BCEJYS</subfield>
    <subfield code="c">17</subfield>
    <subfield code="d">1988-01-01</subfield>
    <subfield code="h">Vol. XXIV, N&#xBA; 1 - ene./mar. 1988</subfield>
    <subfield code="l">0</subfield>
    <subfield code="o">H339.5 FOR 1.1988</subfield>
    <subfield code="p">R03170</subfield>
    <subfield code="r">2026-04-10 16:06:23</subfield>
    <subfield code="w">2026-04-10</subfield>
    <subfield code="y">RN</subfield>
  </datafield>
  <datafield tag="952" ind1=" " ind2=" ">
    <subfield code="0">0</subfield>
    <subfield code="1">0</subfield>
    <subfield code="4">0</subfield>
    <subfield code="7">0</subfield>
    <subfield code="a">BCEJYS</subfield>
    <subfield code="b">BCEJYS</subfield>
    <subfield code="c">17</subfield>
    <subfield code="d">1987-10-01</subfield>
    <subfield code="h">Vol. XXIII, N&#xBA; 4 - oct./dic. 1987</subfield>
    <subfield code="l">0</subfield>
    <subfield code="o">H339.5 FOR 4.1987</subfield>
    <subfield code="p">R03171</subfield>
    <subfield code="r">2026-04-10 16:06:23</subfield>
    <subfield code="w">2026-04-10</subfield>
    <subfield code="y">RN</subfield>
  </datafield>
  <datafield tag="952" ind1=" " ind2=" ">
    <subfield code="0">0</subfield>
    <subfield code="1">0</subfield>
    <subfield code="4">0</subfield>
    <subfield code="7">0</subfield>
    <subfield code="a">BCEJYS</subfield>
    <subfield code="b">BCEJYS</subfield>
    <subfield code="c">17</subfield>
    <subfield code="d">1987-07-01</subfield>
    <subfield code="h">Vol. XXIII, N&#xBA; 3 - jul./sep. 1987</subfield>
    <subfield code="l">0</subfield>
    <subfield code="o">H339.5 FOR 3.1987</subfield>
    <subfield code="p">R00364</subfield>
    <subfield code="r">2026-04-10 16:06:23</subfield>
    <subfield code="w">2026-04-10</subfield>
    <subfield code="y">RN</subfield>
  </datafield>
  <datafield tag="952" ind1=" " ind2=" ">
    <subfield code="0">0</subfield>
    <subfield code="1">0</subfield>
    <subfield code="4">0</subfield>
    <subfield code="7">0</subfield>
    <subfield code="a">BCEJYS</subfield>
    <subfield code="b">BCEJYS</subfield>
    <subfield code="c">17</subfield>
    <subfield code="d">1987-04-01</subfield>
    <subfield code="h">Vol. XXIII, N&#xBA; 2 - abr./jun. 1987</subfield>
    <subfield code="l">0</subfield>
    <subfield code="o">H339.5 FOR 2.1987</subfield>
    <subfield code="p">R03172</subfield>
    <subfield code="r">2026-04-10 16:06:23</subfield>
    <subfield code="w">2026-04-10</subfield>
    <subfield code="y">RN</subfield>
  </datafield>
  <datafield tag="952" ind1=" " ind2=" ">
    <subfield code="0">0</subfield>
    <subfield code="1">0</subfield>
    <subfield code="4">0</subfield>
    <subfield code="7">0</subfield>
    <subfield code="a">BCEJYS</subfield>
    <subfield code="b">BCEJYS</subfield>
    <subfield code="c">17</subfield>
    <subfield code="d">1986-04-01</subfield>
    <subfield code="h">Vol. XXII, N&#xBA; 2 - abr./jun. 1986</subfield>
    <subfield code="l">0</subfield>
    <subfield code="o">H339.5 FOR 2.1986</subfield>
    <subfield code="p">R03173</subfield>
    <subfield code="r">2026-04-10 16:06:23</subfield>
    <subfield code="w">2026-04-10</subfield>
    <subfield code="y">RN</subfield>
  </datafield>
  <datafield tag="952" ind1=" " ind2=" ">
    <subfield code="0">0</subfield>
    <subfield code="1">0</subfield>
    <subfield code="4">0</subfield>
    <subfield code="7">0</subfield>
    <subfield code="a">BCEJYS</subfield>
    <subfield code="b">BCEJYS</subfield>
    <subfield code="c">17</subfield>
    <subfield code="d">1986-01-01</subfield>
    <subfield code="h">Vol. XXII, N&#xBA; 1 - ene./mar. 1986</subfield>
    <subfield code="l">0</subfield>
    <subfield code="o">H339.5 FOR 1.1986</subfield>
    <subfield code="p">R03174</subfield>
    <subfield code="r">2026-04-10 16:06:23</subfield>
    <subfield code="w">2026-04-10</subfield>
    <subfield code="y">RN</subfield>
  </datafield>
  <datafield tag="952" ind1=" " ind2=" ">
    <subfield code="0">0</subfield>
    <subfield code="1">0</subfield>
    <subfield code="4">0</subfield>
    <subfield code="7">0</subfield>
    <subfield code="a">BCEJYS</subfield>
    <subfield code="b">BCEJYS</subfield>
    <subfield code="c">17</subfield>
    <subfield code="d">1985-10-01</subfield>
    <subfield code="h">Vol. XXI, N&#xBA; 4 - oct./dic. 1985</subfield>
    <subfield code="l">0</subfield>
    <subfield code="o">H339.5 FOR 4.1985</subfield>
    <subfield code="p">R03175</subfield>
    <subfield code="r">2026-04-10 16:06:23</subfield>
    <subfield code="w">2026-04-10</subfield>
    <subfield code="y">RN</subfield>
  </datafield>
  <datafield tag="952" ind1=" " ind2=" ">
    <subfield code="0">0</subfield>
    <subfield code="1">0</subfield>
    <subfield code="4">0</subfield>
    <subfield code="7">0</subfield>
    <subfield code="a">BCEJYS</subfield>
    <subfield code="b">BCEJYS</subfield>
    <subfield code="c">17</subfield>
    <subfield code="d">1985-07-01</subfield>
    <subfield code="h">Vol. XXI, N&#xBA; 3 - jul./sep. 1985</subfield>
    <subfield code="l">0</subfield>
    <subfield code="o">H339.5 FOR 3.1985</subfield>
    <subfield code="p">R03176</subfield>
    <subfield code="r">2026-04-10 16:06:23</subfield>
    <subfield code="w">2026-04-10</subfield>
    <subfield code="y">RN</subfield>
  </datafield>
  <datafield tag="952" ind1=" " ind2=" ">
    <subfield code="0">0</subfield>
    <subfield code="1">0</subfield>
    <subfield code="4">0</subfield>
    <subfield code="7">0</subfield>
    <subfield code="a">BCEJYS</subfield>
    <subfield code="b">BCEJYS</subfield>
    <subfield code="c">17</subfield>
    <subfield code="d">1985-04-01</subfield>
    <subfield code="h">Vol. XXI, N&#xBA; 2 - abr./jun. 1985</subfield>
    <subfield code="l">0</subfield>
    <subfield code="o">H339.5 FOR 2.1985</subfield>
    <subfield code="p">R03177</subfield>
    <subfield code="r">2026-04-10 16:06:23</subfield>
    <subfield code="w">2026-04-10</subfield>
    <subfield code="y">RN</subfield>
  </datafield>
  <datafield tag="952" ind1=" " ind2=" ">
    <subfield code="0">0</subfield>
    <subfield code="1">0</subfield>
    <subfield code="4">0</subfield>
    <subfield code="7">0</subfield>
    <subfield code="a">BCEJYS</subfield>
    <subfield code="b">BCEJYS</subfield>
    <subfield code="c">17</subfield>
    <subfield code="d">1985-01-01</subfield>
    <subfield code="h">Vol. XXI, N&#xBA; 1 - ene./mar. 1985</subfield>
    <subfield code="l">0</subfield>
    <subfield code="o">H339.5 FOR 1.1985</subfield>
    <subfield code="p">R03178</subfield>
    <subfield code="r">2026-04-10 16:06:23</subfield>
    <subfield code="w">2026-04-10</subfield>
    <subfield code="y">RN</subfield>
  </datafield>
  <datafield tag="952" ind1=" " ind2=" ">
    <subfield code="0">0</subfield>
    <subfield code="1">0</subfield>
    <subfield code="4">0</subfield>
    <subfield code="7">0</subfield>
    <subfield code="a">BCEJYS</subfield>
    <subfield code="b">BCEJYS</subfield>
    <subfield code="c">17</subfield>
    <subfield code="d">1984-07-01</subfield>
    <subfield code="h">Vol. XX, N&#xBA; 3 - jul./sep. 1984</subfield>
    <subfield code="l">0</subfield>
    <subfield code="o">H339.5 FOR 3.1984</subfield>
    <subfield code="p">R00363</subfield>
    <subfield code="r">2026-04-10 16:06:23</subfield>
    <subfield code="w">2026-04-10</subfield>
    <subfield code="y">RN</subfield>
  </datafield>
  <datafield tag="952" ind1=" " ind2=" ">
    <subfield code="0">0</subfield>
    <subfield code="1">0</subfield>
    <subfield code="4">0</subfield>
    <subfield code="7">0</subfield>
    <subfield code="a">BCEJYS</subfield>
    <subfield code="b">BCEJYS</subfield>
    <subfield code="c">17</subfield>
    <subfield code="d">1984-04-01</subfield>
    <subfield code="h">Vol. XX, N&#xBA; 2 - abr./jun. 1984</subfield>
    <subfield code="l">0</subfield>
    <subfield code="o">H339.5 FOR 2.1984</subfield>
    <subfield code="p">R00362</subfield>
    <subfield code="r">2026-04-10 16:06:23</subfield>
    <subfield code="w">2026-04-10</subfield>
    <subfield code="y">RN</subfield>
  </datafield>
  <datafield tag="952" ind1=" " ind2=" ">
    <subfield code="0">0</subfield>
    <subfield code="1">0</subfield>
    <subfield code="4">0</subfield>
    <subfield code="7">0</subfield>
    <subfield code="a">BCEJYS</subfield>
    <subfield code="b">BCEJYS</subfield>
    <subfield code="c">17</subfield>
    <subfield code="d">1984-01-01</subfield>
    <subfield code="h">Vol. XX, N&#xBA; 1 - ene./mar. 1984</subfield>
    <subfield code="l">0</subfield>
    <subfield code="o">H339.5 FOR 1.1984</subfield>
    <subfield code="p">R03179</subfield>
    <subfield code="r">2026-04-10 16:06:23</subfield>
    <subfield code="w">2026-04-10</subfield>
    <subfield code="y">RN</subfield>
  </datafield>
  <datafield tag="952" ind1=" " ind2=" ">
    <subfield code="0">0</subfield>
    <subfield code="1">0</subfield>
    <subfield code="4">0</subfield>
    <subfield code="7">0</subfield>
    <subfield code="a">BCEJYS</subfield>
    <subfield code="b">BCEJYS</subfield>
    <subfield code="c">17</subfield>
    <subfield code="d">1984-01-01</subfield>
    <subfield code="h">Vol. XX, N&#xBA; 1 - ene./mar. 1984</subfield>
    <subfield code="l">0</subfield>
    <subfield code="o">H339.5 FOR 1.1984 Ej.2</subfield>
    <subfield code="p">R03180</subfield>
    <subfield code="r">2026-04-10 16:06:23</subfield>
    <subfield code="w">2026-04-10</subfield>
    <subfield code="y">RN</subfield>
  </datafield>
  <datafield tag="952" ind1=" " ind2=" ">
    <subfield code="0">0</subfield>
    <subfield code="1">0</subfield>
    <subfield code="4">0</subfield>
    <subfield code="7">0</subfield>
    <subfield code="a">BCEJYS</subfield>
    <subfield code="b">BCEJYS</subfield>
    <subfield code="c">17</subfield>
    <subfield code="d">1983-07-01</subfield>
    <subfield code="h">Vol. XIX, N&#xBA; 3 - jul./sep. 1983</subfield>
    <subfield code="l">0</subfield>
    <subfield code="o">H339.5 FOR 3.1983</subfield>
    <subfield code="p">R03181</subfield>
    <subfield code="r">2026-04-10 16:06:23</subfield>
    <subfield code="w">2026-04-10</subfield>
    <subfield code="y">RN</subfield>
  </datafield>
  <datafield tag="952" ind1=" " ind2=" ">
    <subfield code="0">0</subfield>
    <subfield code="1">0</subfield>
    <subfield code="4">0</subfield>
    <subfield code="7">0</subfield>
    <subfield code="a">BCEJYS</subfield>
    <subfield code="b">BCEJYS</subfield>
    <subfield code="c">17</subfield>
    <subfield code="d">1983-01-01</subfield>
    <subfield code="h">Vol. XIX, N&#xBA; 1 - ene./mar. 1983</subfield>
    <subfield code="l">0</subfield>
    <subfield code="o">H339.5 FOR 1.1983</subfield>
    <subfield code="p">R00361</subfield>
    <subfield code="r">2026-04-10 16:06:23</subfield>
    <subfield code="w">2026-04-10</subfield>
    <subfield code="y">RN</subfield>
  </datafield>
  <datafield tag="952" ind1=" " ind2=" ">
    <subfield code="0">0</subfield>
    <subfield code="1">0</subfield>
    <subfield code="4">0</subfield>
    <subfield code="7">0</subfield>
    <subfield code="a">BCEJYS</subfield>
    <subfield code="b">BCEJYS</subfield>
    <subfield code="c">17</subfield>
    <subfield code="d">1982-07-01</subfield>
    <subfield code="h">Vol. XVIII, N&#xBA; 3 - jul./sep. 1982</subfield>
    <subfield code="l">0</subfield>
    <subfield code="o">H339.5 FOR 3.1982</subfield>
    <subfield code="p">R03182</subfield>
    <subfield code="r">2026-04-10 16:06:23</subfield>
    <subfield code="w">2026-04-10</subfield>
    <subfield code="y">RN</subfield>
  </datafield>
  <datafield tag="952" ind1=" " ind2=" ">
    <subfield code="0">0</subfield>
    <subfield code="1">0</subfield>
    <subfield code="4">0</subfield>
    <subfield code="7">0</subfield>
    <subfield code="a">BCEJYS</subfield>
    <subfield code="b">BCEJYS</subfield>
    <subfield code="c">17</subfield>
    <subfield code="d">1982-04-01</subfield>
    <subfield code="h">Vol. XVIII, N&#xBA; 2 - abr./jun. 1982</subfield>
    <subfield code="l">0</subfield>
    <subfield code="o">H339.5 FOR 2.1982</subfield>
    <subfield code="p">R03183</subfield>
    <subfield code="r">2026-04-10 16:06:23</subfield>
    <subfield code="w">2026-04-10</subfield>
    <subfield code="y">RN</subfield>
  </datafield>
  <datafield tag="952" ind1=" " ind2=" ">
    <subfield code="0">0</subfield>
    <subfield code="1">0</subfield>
    <subfield code="4">0</subfield>
    <subfield code="7">0</subfield>
    <subfield code="a">BCEJYS</subfield>
    <subfield code="b">BCEJYS</subfield>
    <subfield code="c">17</subfield>
    <subfield code="d">1982-01-01</subfield>
    <subfield code="h">Vol. XVIII, N&#xBA; 1 - ene./mar. 1982</subfield>
    <subfield code="l">0</subfield>
    <subfield code="o">H339.5 FOR 1.1982</subfield>
    <subfield code="p">R03184</subfield>
    <subfield code="r">2026-04-10 16:06:23</subfield>
    <subfield code="w">2026-04-10</subfield>
    <subfield code="y">RN</subfield>
  </datafield>
  <datafield tag="952" ind1=" " ind2=" ">
    <subfield code="0">0</subfield>
    <subfield code="1">0</subfield>
    <subfield code="4">0</subfield>
    <subfield code="7">0</subfield>
    <subfield code="a">BCEJYS</subfield>
    <subfield code="b">BCEJYS</subfield>
    <subfield code="c">17</subfield>
    <subfield code="d">1981-07-01</subfield>
    <subfield code="h">Vol. XVII, N&#xBA; 3 - jul./sep. 1981</subfield>
    <subfield code="l">0</subfield>
    <subfield code="o">H339.5 FOR 3.1981</subfield>
    <subfield code="p">R00360</subfield>
    <subfield code="r">2026-04-10 16:06:23</subfield>
    <subfield code="w">2026-04-10</subfield>
    <subfield code="y">RN</subfield>
  </datafield>
  <datafield tag="952" ind1=" " ind2=" ">
    <subfield code="0">0</subfield>
    <subfield code="1">0</subfield>
    <subfield code="4">0</subfield>
    <subfield code="7">0</subfield>
    <subfield code="a">BCEJYS</subfield>
    <subfield code="b">BCEJYS</subfield>
    <subfield code="c">17</subfield>
    <subfield code="d">1981-04-01</subfield>
    <subfield code="h">Vol. XVII, N&#xBA; 2 - abr./jun. 1981</subfield>
    <subfield code="l">0</subfield>
    <subfield code="o">H339.5 FOR 2.1981</subfield>
    <subfield code="p">R03185</subfield>
    <subfield code="r">2026-04-10 16:06:23</subfield>
    <subfield code="w">2026-04-10</subfield>
    <subfield code="y">RN</subfield>
  </datafield>
  <datafield tag="952" ind1=" " ind2=" ">
    <subfield code="0">0</subfield>
    <subfield code="1">0</subfield>
    <subfield code="4">0</subfield>
    <subfield code="7">0</subfield>
    <subfield code="a">BCEJYS</subfield>
    <subfield code="b">BCEJYS</subfield>
    <subfield code="c">17</subfield>
    <subfield code="d">1981-01-01</subfield>
    <subfield code="h">Vol. XVII, N&#xBA; 1 - ene./mar. 1981</subfield>
    <subfield code="l">0</subfield>
    <subfield code="o">H339.5 FOR 1.1981</subfield>
    <subfield code="p">R03158</subfield>
    <subfield code="r">2026-04-10 16:06:23</subfield>
    <subfield code="w">2026-04-10</subfield>
    <subfield code="y">RN</subfield>
  </datafield>
  <datafield tag="952" ind1=" " ind2=" ">
    <subfield code="0">0</subfield>
    <subfield code="1">0</subfield>
    <subfield code="4">0</subfield>
    <subfield code="7">0</subfield>
    <subfield code="a">BCEJYS</subfield>
    <subfield code="b">BCEJYS</subfield>
    <subfield code="c">17</subfield>
    <subfield code="d">1980-10-01</subfield>
    <subfield code="h">Vol. XVI, N&#xBA; 4 - oct./dic. 1980</subfield>
    <subfield code="l">0</subfield>
    <subfield code="o">H339.5 FOR 4.1980</subfield>
    <subfield code="p">R03159</subfield>
    <subfield code="r">2026-04-10 16:06:23</subfield>
    <subfield code="w">2026-04-10</subfield>
    <subfield code="y">RN</subfield>
  </datafield>
  <datafield tag="952" ind1=" " ind2=" ">
    <subfield code="0">0</subfield>
    <subfield code="1">0</subfield>
    <subfield code="4">0</subfield>
    <subfield code="7">0</subfield>
    <subfield code="a">BCEJYS</subfield>
    <subfield code="b">BCEJYS</subfield>
    <subfield code="c">17</subfield>
    <subfield code="d">1980-01-01</subfield>
    <subfield code="h">Vol. XVI, N&#xBA; 1 - ene./mar. 1980</subfield>
    <subfield code="l">0</subfield>
    <subfield code="o">H339.5 FOR 1.1980</subfield>
    <subfield code="p">R03160</subfield>
    <subfield code="r">2026-04-10 16:06:23</subfield>
    <subfield code="w">2026-04-10</subfield>
    <subfield code="y">RN</subfield>
  </datafield>
  <datafield tag="952" ind1=" " ind2=" ">
    <subfield code="0">0</subfield>
    <subfield code="1">0</subfield>
    <subfield code="4">0</subfield>
    <subfield code="7">0</subfield>
    <subfield code="a">BCEJYS</subfield>
    <subfield code="b">BCEJYS</subfield>
    <subfield code="c">17</subfield>
    <subfield code="d">1979-10-01</subfield>
    <subfield code="h">Vol. XV, N&#xBA; 4 - oct./dic. 1979</subfield>
    <subfield code="l">0</subfield>
    <subfield code="o">H339.5 FOR 4.1979</subfield>
    <subfield code="p">R03161</subfield>
    <subfield code="r">2026-04-10 16:06:23</subfield>
    <subfield code="w">2026-04-10</subfield>
    <subfield code="y">RN</subfield>
  </datafield>
  <datafield tag="952" ind1=" " ind2=" ">
    <subfield code="0">0</subfield>
    <subfield code="1">0</subfield>
    <subfield code="4">0</subfield>
    <subfield code="7">0</subfield>
    <subfield code="a">BCEJYS</subfield>
    <subfield code="b">BCEJYS</subfield>
    <subfield code="c">17</subfield>
    <subfield code="d">1976-01-01</subfield>
    <subfield code="h">Vol. XII, N&#xBA; 1 - ene./mar. 1976</subfield>
    <subfield code="l">0</subfield>
    <subfield code="o">H339.5 FOR 1.1976</subfield>
    <subfield code="p">R03162</subfield>
    <subfield code="r">2026-04-10 16:06:23</subfield>
    <subfield code="w">2026-04-10</subfield>
    <subfield code="y">RN</subfield>
  </datafield>
  <datafield tag="952" ind1=" " ind2=" ">
    <subfield code="0">0</subfield>
    <subfield code="1">0</subfield>
    <subfield code="4">0</subfield>
    <subfield code="7">0</subfield>
    <subfield code="a">BCEJYS</subfield>
    <subfield code="b">BCEJYS</subfield>
    <subfield code="c">17</subfield>
    <subfield code="d">1974-10-01</subfield>
    <subfield code="h">Vol. X, N&#xBA; 4 - oct./dic. 1974</subfield>
    <subfield code="l">0</subfield>
    <subfield code="o">H339.5 FOR 4.1974</subfield>
    <subfield code="p">R03163</subfield>
    <subfield code="r">2026-04-10 16:06:23</subfield>
    <subfield code="w">2026-04-10</subfield>
    <subfield code="y">RN</subfield>
  </datafield>
  <datafield tag="952" ind1=" " ind2=" ">
    <subfield code="0">0</subfield>
    <subfield code="1">0</subfield>
    <subfield code="4">0</subfield>
    <subfield code="7">0</subfield>
    <subfield code="a">BCEJYS</subfield>
    <subfield code="b">BCEJYS</subfield>
    <subfield code="c">17</subfield>
    <subfield code="d">1974-01-01</subfield>
    <subfield code="h">Vol. X, N&#xBA; 1 - ene./mar. 1974</subfield>
    <subfield code="l">0</subfield>
    <subfield code="o">H339.5 FOR 1.1974</subfield>
    <subfield code="p">R03164</subfield>
    <subfield code="r">2026-04-10 16:06:23</subfield>
    <subfield code="w">2026-04-10</subfield>
    <subfield code="y">RN</subfield>
  </datafield>
</record>
